00488nam a22001457a 4500008004100000050002800041100001500069245011200084260004900196300002300245500002000268650001800288650001400306700002200320170116b xxu||||| |||| 00| 0 eng d aGB401 b .G37 1974 aGarner,H.F aThe Origin of Landscapes :bA synthesis of Geomorphology/cH.F. Garner ,with drawings by Mary Craig Garner. aNew York :bOxford University Press ,cc1974 axx,734p. :bill. ; aincludes index. aGeomorphology aLandforms aGarner,Mary Craig